Títulos del Emperador Alemán - Estadísticas

Estadísticas generales
  • Esta prueba ha sido intentada 36 veces
  • La puntuación promedio es 7 de 54
Estadísticas de respuestas
Título Nombre % Correcto
Emperador de Alemania
100%
Rey de Prusia
93%
Gran Duque de Bajo Rin
77%
Duque de Sajonia
60%
Landgrave de Hesse
47%
Bremen
33%
Pomerania
33%
Soberano y Supremo Duque de Silesia
33%
Holstein
30%
Westfalia
27%
Margrave de Brandeburgo
20%
Turingia
20%
Conde de Hohenzollern
17%
Schleswig
13%
Mecklemburgo
10%
Magdeburgo
7%
Nassau
7%
Berg
3%
Cleves
3%
Frisia Oriental
3%
Jülich
3%
Lauenburgo
3%
Mark
3%
Minden
3%
Príncipe de Orange
3%
Alta y Baja Lusacia
0%
Angria
0%
Cammin
0%
Crossen
0%
Señor de Frácfort
0%
Fulda
0%
Glatz
0%
Güelders
0%
Halberstadt
0%
Conde principesco de Henneberg
0%
Hildesheim
0%
Hohenstein
0%
Lingen
0%
los kassubes
0%
los wendos
0%
Lunenburg
0%
Mansfeld
0%
Moers
0%
Münster
0%
Osnabrück
0%
Paderborn
0%
Posen
0%
Pyrmont
0%
Ravensberg
0%
Rügen
0%
Sigmaringa
0%
Tecklenburg
0%
Verden
0%
Veringen
0%
No se encontraron pruebas coincidentes
Distribución de puntuación
Porcentaje de gente con cada puntuación
Porcentaje por número respondido
Historial de tus puntuaciones
No has intentado esta prueba.